| 000 | 00924nam a2200289 i 4500 | ||
|---|---|---|---|
| 003 | EG-ScBUE | ||
| 005 | 20230207064551.0 | ||
| 008 | 210925s2015 ua f 000 f ara d | ||
| 017 | _a2022 / 22394 | ||
| 020 | _a9789770937860 | ||
| 040 |
_aEG-ScBUE _bara _erda _cEG-ScBUE _dEG-ScBUE |
||
| 043 | _af-ua--- | ||
| 082 | 0 | 4 |
_a892.736 _bأ ص ل _222 |
| 100 | 1 |
_aأصلان، إبراهيم، _eمؤلف. |
|
| 245 | 1 | 0 |
_aصديق قديم جدا / _cإبراهيم أصلان. |
| 250 | _aالطبعة الأولى. | ||
| 264 | 1 |
_aالقاهرة : _bدار الشروق، _c2015. |
|
| 300 |
_a159 صفحة ؛ _c18 سم |
||
| 336 |
_2rdacontent _aنص _btxt |
||
| 337 |
_2rdamedia _aبدون وسيط _bn |
||
| 338 |
_2rdacarrier _aمجلد _bnc |
||
| 541 | _cBook Fair 2023. | ||
| 650 | 7 |
_aالقصص العربية _zمصر _yقرن 20. _2BUEsh |
|
| 653 | 7 |
_bARALIT _cFebruary2023 |
|
| 655 | _vReading book | ||
| 942 | _2ddc | ||
| 999 |
_c30100 _d30071 |
||